| 000 | 00850nas a2200265 4500 | ||
|---|---|---|---|
| 001 | BR2016004087 | ||
| 003 | BR-BrBNA | ||
| 005 | 20231205130627.0 | ||
| 007 | ta | ||
| 008 | 230509b bl.|||p| |||| 00| 00por d | ||
| 040 |
_aBR-BrBNA _bpor _cBiblioteca Nacional de Agricultura |
||
| 041 | _a(En) | ||
| 072 | _aF63; F70 | ||
| 100 | 1 | _aSoncini Junior, G. | |
| 100 | 1 | _aFranchetti, S.M.M. | |
| 100 | 1 | _aGrandi, R.A.P. | |
| 100 | 1 | _aMarconato, J.C. | |
| 245 | 1 | _aMycelial growth and microscopic characteristics of Thermomyces lanuginosus Tsiklinskaya in YpSs medium with different carbon sources | |
| 650 | _aPTERIDÓFITA | ||
| 650 | _aESPORO | ||
| 650 | _aMORFOLOGIA VEGETAL | ||
| 773 | 0 |
_tHoehnea (Brazil) _xISSN 0073-2877 _g(Jun 2007), v. 34(2) p. 239-243 _wBR2016004087 |
|
| 909 |
_a202311 _bLúcia _c55 _dLúcia Elande |
||
| 942 |
_2AGRIS _n0 _cANA |
||
| 999 |
_c250415 _d250415 |
||